25 najbardziej dochodowych filmów w historii - Statystyki

Ogólne statystyki
  • Ten quiz został rozwiązany 381 razy
  • Średni wynik to 6 z 25
Statystyki odpowiedzi
lp. Przychód Pierwsza litera Odpowiedź % Poprawnych
2 2 789 679 794 A Avatar
82%
3 2 187 463 944 T Titanic
79%
8 1 518 812 988 A Avengers
69%
1 2 796 274 401 A Avengers: Koniec gry
50%
5 2 048 359 754 A Avengers: Wojna bez granic
40%
10 1 405 403 694 A Avengers: Czas Ultrona
32%
4 2 068 223 624 G Gwiezdne wojny: Przebudzenie Mocy
24%
21 1 153 304 495 K Kapitan Ameryka: Wojna bohaterów
18%
7 1 632 000 000 K Król Lew (film 2019)
18%
13 1 332 539 889 G Gwiezdne wojny: Ostatni Jedi
16%
19 1 214 811 252 I Iron Man 3
16%
9 1 516 045 911 S Szybcy i wściekli 7
15%
15 1 276 480 335 K Kraina lodu
14%
23 1 131 000 000 S Spider-Man: Daleko od domu
14%
11 1 346 913 161 C Czarna Pantera
13%
6 1 671 713 208 J Jurassic World
12%
12 1 341 511 219 H Harry Potter i Insygnia Śmierci: Część II
11%
18 1 235 754 152 S Szybcy i wściekli 8
11%
24 1 128 000 000 K Kapitan Marvel
10%
25 1 123 794 079 T Transformers 3
8%
22 1 147 661 807 A Aquaman
5%
17 1 241 891 456 I Iniemamocni 2
5%
20 1 159 398 397 M Minionki
5%
16 1 263 418 671 P Piękna i Bestia
4%
14 1 304 944 060 J Jurassic World: Upadłe królestwo
3%
Nie znaleziono quizów pasujących do podanych kryteriów
Rozkład punktacji
Procent ludzi z każdym wynikiem
Percentyl według liczby udzielonych odpowiedzi
Twoja historia wyników
Nie rozwiązałeś tego quizu